[Event "XXV Festival A"]
[Site "Arco ITA"]
[Date "2003.10.23"]
[Round "6"]
[White "Medancic, Rikard"]
[Black "Antoniacci, Riccardo"]
[Result "1-0"]
[WhiteElo "2275"]
[BlackElo "2041"]
[PlyCount "65"]
[EventDate "2003.10.18"]

1.d4 f5 2.Bg5 g6 3.e3 Bg7 4.Nd2 c5 5.c3 Qc7 6.Ngf3 b6 7.Qb3 Nc6 8.Bf4 d6 
9.Bb5 Bd7 10.Ng5 Nd8 11.Bc4 Nh6 12.O-O Rb8 13.a4 Qb7 14.Rfe1 Bc6 15.f3 e5 
16.dxe5 dxe5 17.Bg3 Qe7 18.h4 Nhf7 19.Nxf7 Nxf7 20.a5 b5 21.Bd5 Bxd5 22.
Qxd5 Qd6 23.Qxd6 Nxd6 24.e4 Nf7 25.exf5 gxf5 26.Nb3 Rc8 27.Bf2 Bf8 28.Rad1
Bd6 29.Rd5 Kd7 30.Nxc5+ Kc6 31.Red1 Bxc5 32.Rxc5+ Kb7 33.Rd7+ 1-0

[Event "XXV Festival A"]
[Site "Arco ITA"]
[Date "2003.10.23"]
[Round "6"]
[White "Molzahn, Norbert"]
[Black "Kort, Jacob"]
[Result "1-0"]
[WhiteElo "2089"]
[BlackElo "2224"]
[PlyCount "101"]
[EventDate "2003.10.18"]

1.d4 Nf6 2.c4 g6 3.Nc3 Bg7 4.e4 d6 5.h3 O-O 6.Bg5 c5 7.d5 a6 8.Bd3 Nbd7 9.
f4 Rb8 10.Nge2 b5 11.b3 h6 12.Bh4 b4 13.Na4 Re8 14.O-O Qc7 15.g4 e6 16.
dxe6 Rxe6 17.f5 Re8 18.fxg6 fxg6 19.e5 Rxe5 20.Bxg6 Bb7 21.Ng3 Qc6 22.Qd2 
Rf8 23.Rae1 Rxe1 24.Rxe1 Ne5 25.Rxe5 dxe5 26.Bxf6 Qxf6 27.Nf5 e4 28.Qd7 
Bc8 29.Qxg7+ Qxg7 30.Nxg7 e3 31.Nf5 Bxf5 32.Bxf5 Rd8 33.Kf1 Rd2 34.Nxc5 
Rxa2 35.Nd3 a5 36.c5 Rc2 37.Be4 Kf7 38.h4 Kf6 39.Ke1 Rc3 40.c6 Rxb3 41.Ke2
Ke7 42.g5 hxg5 43.hxg5 Rc3 44.Nf4 Kf7 45.g6+ Kg8 46.Nd5 Rc5 47.Nf6+ Kg7 
48.Ne8+ Kf8 49.g7+ Kf7 50.c7 Rxc7 51.Bd5+ 1-0

[Event "XXV Festival A"]
[Site "Arco ITA"]
[Date "2003.10.23"]
[Round "6"]
[White "Ortega, Lexy"]
[Black "Valenti, Giuseppe"]
[Result "1-0"]
[WhiteElo "2462"]
[BlackElo "2305"]
[PlyCount "83"]
[EventDate "2003.10.18"]

1.Nf3 Nf6 2.c4 c5 3.Nc3 e6 4.g3 b6 5.Bg2 Bb7 6.O-O Be7 7.d4 cxd4 8.Qxd4 d6
9.Rd1 a6 10.b3 Nbd7 11.e4 Qc7 12.Bb2 O-O 13.Qe3 Rfe8 14.Rac1 Rac8 15.Nd4 
Bf8 16.Qd2 Qb8 17.h3 Rcd8 18.Re1 Qa8 19.Rcd1 Nc5 20.Qc2 Rc8 21.Kh2 Red8 
22.Qe2 Re8 23.Qc2 Red8 24.Qb1 Qb8 25.Re2 Ba8 26.Rdd2 g6 27.Qe1 Bg7 28.Rd1 
e5 29.Nc2 b5 30.cxb5 axb5 31.Nb4 Ne6 32.Qd2 Nd4 33.Ree1 Rc5 34.Na6 Qa7 35.
Nxc5 dxc5 36.Nxb5 Qxa2 37.Bxd4 Qxd2 38.Rxd2 cxd4 39.f3 Rb8 40.Nc7 Bh6 41.
Ra2 Bc6 42.Ra6 1-0

[Event "XXV Festival A"]
[Site "Arco ITA"]
[Date "2003.10.23"]
[Round "6"]
[White "Popa, Claudiu"]
[Black "Dittmar, Peter"]
[Result "0-1"]
[WhiteElo "2175"]
[BlackElo "2356"]
[PlyCount "96"]
[EventDate "2003.10.18"]

1.e4 e6 2.d4 d5 3.Nd2 c5 4.exd5 exd5 5.Bb5+ Nc6 6.Qe2+ Be7 7.dxc5 Nf6 8.
Ngf3 O-O 9.O-O Bxc5 10.Nb3 Bb6 11.c3 Bg4 12.h3 Re8 13.Qd3 Bh5 14.Bf4 Bg6 
15.Qd1 Ne4 16.Nbd4 Qf6 17.Bh2 Rad8 18.Rc1 h6 19.a3 Re7 20.Bxc6 bxc6 21.Qa4
Rc8 22.Qa6 Ree8 23.Ne5 Nc5 24.Qe2 Bd3 25.Qh5 Bxf1 26.Rxf1 Ne4 27.Nd7 Qg5 
28.Qxg5 hxg5 29.Nxb6 axb6 30.f3 Nd2 31.Ra1 g6 32.Kf2 Nc4 33.b3 Ne5 34.Rd1 
f6 35.a4 Kf7 36.Rd2 Nd7 37.Bd6 Nc5 38.Bxc5 bxc5 39.Nc2 Ra8 40.Rd1 Reb8 41.
Na1 c4 42.bxc4 Rb2+ 43.Ke3 dxc4 44.Rc1 c5 45.Nc2 Rxa4 46.Ke4 Ke6 47.f4 
Raa2 48.Ne1 Rf2 0-1

[Event "XXV Festival A"]
[Site "Arco ITA"]
[Date "2003.10.23"]
[Round "6"]
[White "Rahls, Peter"]
[Black "Karpatchev, Aleksandr"]
[Result "1/2-1/2"]
[WhiteElo "2341"]
[BlackElo "2459"]
[PlyCount "116"]
[EventDate "2003.10.18"]

1.e4 e5 2.Nc3 Nf6 3.g3 d5 4.exd5 Nxd5 5.Bg2 Nxc3 6.bxc3 Nc6 7.d3 Bc5 8.Nf3
O-O 9.O-O Bg4 10.h3 Bh5 11.g4 Bg6 12.Ng5 Be7 13.Ne4 f5 14.gxf5 Bxf5 15.Rb1
Rb8 16.Be3 Qd7 17.Kh2 b6 18.a4 Nd8 19.Ng3 Be6 20.a5 Nf7 21.axb6 axb6 22.
Ne4 Nd6 23.Ng3 Nf5 24.Nxf5 Bxf5 25.Qh5 g6 26.Qh6 Be6 27.Be4 Rf7 28.c4 Rbf8
29.Rg1 Rg7 30.Rg2 Bf5 31.Bd5+ Kh8 32.Rbg1 b5 33.Ra1 bxc4 34.Bxc4 Be6 35.
Bxe6 Qxe6 36.Ra4 Rf5 37.Kg1 Bf8 38.Qh4 Rh5 39.Qg4 Rf5 40.Ra8 Rg8 41.Qe4 
Bg7 42.Rxg8+ Kxg8 43.Rg4 Rf7 44.Qc4 Qf5 45.Qd5 Qd7 46.Qa8+ Rf8 47.Qa2+ Qf7
48.Qc4 Qxc4 49.Rxc4 Rf7 50.Bd2 Bf8 51.Kf1 Bd6 52.Ke2 Kf8 53.Rg4 Ke7 54.Be3
Ke6 55.Ra4 Rf8 56.h4 Kd7 57.Rg4 Rf5 58.Bg5 Bc5 1/2-1/2

[Event "XXV Festival A"]
[Site "Arco ITA"]
[Date "2003.10.23"]
[Round "6"]
[White "Ricci, Alfredo"]
[Black "Swinkels, Robin"]
[Result "0-1"]
[WhiteElo "2029"]
[BlackElo "2170"]
[PlyCount "160"]
[EventDate "2003.10.18"]

1.e4 e5 2.Bc4 Nf6 3.d3 c6 4.Qe2 Qc7 5.Nc3 Bb4 6.Bd2 O-O 7.a3 Ba5 8.b4 Bb6 
9.Bg5 d5 10.Bb3 dxe4 11.dxe4 a5 12.Rd1 axb4 13.axb4 Qe7 14.Nf3 Qxb4 15.Qd3
Bxf2+ 16.Kxf2 Qxc3 17.Qxc3 Nxe4+ 18.Ke3 Nxc3 19.Rd3 Nd5+ 20.Bxd5 cxd5 21.
Rxd5 f6 22.Bh4 Nc6 23.Rb1 Ra2 24.Rc5 Kf7 25.Kd2 Ra5 26.Bf2 Rxc5 27.Bxc5 
Rd8+ 28.Kc3 Rd5 29.Be3 b5 30.Ra1 Bb7 31.Nd2 Nd4 32.Ra7 Rd7 33.Ne4 Rc7+ 34.
Kd2 Ke7 35.Bxd4 exd4 36.Nc5 Rxc5 37.Rxb7+ Kf8 38.Rd7 Rc4 39.Rb7 Rb4 40.Kd3
Rb2 41.Rd7 b4 42.Rxd4 b3 43.cxb3 Rxg2 44.Rh4 h6 45.b4 Ke7 46.Kc4 Kd6 47.
Kb5 f5 48.Kb6 Ke5 49.b5 f4 50.Kc7 Rc2+ 51.Kd7 f3 52.Rb4 f2 53.Rb1 Rb2 54.
Rxb2 f1=Q 55.b6 Qf7+ 56.Kc6 Qc4+ 57.Kb7 Qc3 58.Rf2 Qc5 59.Rd2 Ke6 60.Re2+ 
Kf6 61.Rd2 Ke6 62.Re2+ Kf5 63.Rd2 g5 64.Rd7 g4 65.Rc7 Qb4 66.Kc6 Qa4+ 67.
Kd6 Qd4+ 68.Kc6 Ke6 69.Kb7 Kd6 70.Rc8 Qb2 71.Rc6+ Kd5 72.Rg6 Qxh2 73.Rxg4 
Qd6 74.Rg2 Kc5 75.Rc2+ Kb5 76.Rb2+ Ka5 77.Ra2+ Kb4 78.Ka7 Qc5 79.Rh2 h5 
80.Ka6 Qb5+ 0-1

[Event "XXV Festival A"]
[Site "Arco ITA"]
[Date "2003.10.23"]
[Round "6"]
[White "Roberti, Ignazio"]
[Black "Zucchelli, Massimo"]
[Result "0-1"]
[WhiteElo "1990"]
[BlackElo "2178"]
[PlyCount "92"]
[EventDate "2003.10.18"]

1.e4 e6 2.d4 d5 3.e5 c5 4.c3 Nc6 5.Nf3 Bd7 6.Be2 Rc8 7.O-O cxd4 8.cxd4 
Nge7 9.Nc3 Ng6 10.a3 Be7 11.Na4 O-O 12.b4 f6 13.exf6 Bxf6 14.Be3 b6 15.Nb2
Be7 16.Nd3 Bd6 17.Qd2 Qf6 18.Bg5 Qf5 19.Rad1 h6 20.Be3 Qf6 21.Rc1 Nce7 22.
Kh1 Nf5 23.Kg1 Bb5 24.Kh1 Bb8 25.Kg1 Nd6 26.Qb2 Nc4 27.Qa2 Bd7 28.a4 Nh4 
29.Nxh4 Qxh4 30.g3 Qe4 31.Ne5 Nxe3 32.fxe3 Qxe3+ 33.Kg2 Bxe5 34.Rxc8 Rxc8 
35.dxe5 Qxe5 36.Bf3 Be8 37.Rd1 Bg6 38.Rd2 Be4 39.Rf2 Bxf3+ 40.Rxf3 Qe4 41.
Qa3 Rc2+ 42.Kh3 h5 43.Rf4 Qe2 44.Kh4 Qxh2+ 45.Kg5 Rg2 46.Rf3 Qh3 0-1

[Event "XXV Festival A"]
[Site "Arco ITA"]
[Date "2003.10.23"]
[Round "6"]
[White "Rossi, Giampiero"]
[Black "Trauth, Michael"]
[Result "0-1"]
[WhiteElo "2040"]
[BlackElo "2202"]
[PlyCount "77"]
[EventDate "2003.10.18"]

1.d4 Nf6 2.c4 c5 3.dxc5 Na6 4.Nc3 Nxc5 5.f3 e5 6.e4 Qb6 7.Nh3 d5 8.cxd5 
Bxh3 9.gxh3 Nfd7 10.Rb1 Be7 11.Be3 Bh4+ 12.Kd2 a5 13.Bb5 Rc8 14.Qe2 Qd6 
15.Rhg1 O-O 16.Rg4 Be7 17.Rgg1 f5 18.Bxd7 Qxd7 19.Qg2 g6 20.Rbc1 b5 21.Rc2
b4 22.Ne2 f4 23.Bf2 Qa4 24.Rgc1 Qb5 25.Bxc5 Rxc5 26.Qg4 Qb6 27.Qe6+ Qxe6 
28.dxe6 Rd8+ 29.Ke1 Bh4+ 30.Kf1 Rd1+ 31.Kg2 Rxc2 32.Rxc2 a4 33.b3 a3 34.
Nc1 Kf8 35.Rc8+ Ke7 36.Rc7+ Kxe6 37.Rc6+ Kd7 38.Rc5 Be1 39.Rc2 0-1

[Event "XXV Festival A"]
[Site "Arco ITA"]
[Date "2003.10.23"]
[Round "6"]
[White "Sautto, Alessandra"]
[Black "Diotallevi, Maurizio"]
[Result "0-1"]
[WhiteElo "1964"]
[BlackElo "2096"]
[PlyCount "82"]
[EventDate "2003.10.18"]

1.d4 d5 2.Nf3 e6 3.e3 c5 4.c3 Nc6 5.Bd3 f5 6.Nbd2 Nf6 7.Ne5 Nxe5 8.dxe5 
Ng4 9.Bb5+ Kf7 10.Nf3 Be7 11.h3 Nh6 12.Qc2 c4 13.Qe2 Qa5 14.Nd4 Ng8 15.Qd1
a6 16.Ba4 Qc7 17.Nf3 Nh6 18.Qd4 Rf8 19.Bc2 Kg8 20.Qf4 Nf7 21.h4 b5 22.Qg3 
Kh8 23.Bd2 a5 24.h5 Bd7 25.Qf4 Rab8 26.g4 fxg4 27.Qxg4 Nxe5 28.Nxe5 Qxe5 
29.f4 Qf6 30.Ke2 Rbd8 31.Qg3 Bd6 32.Qg5 e5 33.Rag1 exf4 34.exf4 Rde8+ 35.
Kd1 Qxg5 36.fxg5 Rf2 37.Be1 Rh2 38.h6 g6 39.a4 b4 40.cxb4 axb4 41.Rf1 Kg8 
0-1

[Event "XXV Festival A"]
[Site "Arco ITA"]
[Date "2003.10.23"]
[Round "6"]
[White "Stull, Norbert"]
[Black "Perich, Stefano"]
[Result "1/2-1/2"]
[WhiteElo "2114"]
[BlackElo "1984"]
[PlyCount "69"]
[EventDate "2003.10.18"]

1.d4 d5 2.c4 e6 3.Nc3 c6 4.e4 dxe4 5.Nxe4 Nf6 6.Nxf6+ Qxf6 7.Nf3 Bb4+ 8.
Bd2 Bxd2+ 9.Qxd2 Nd7 10.Bd3 O-O 11.O-O e5 12.dxe5 Nxe5 13.Nxe5 Qxe5 14.
Rfe1 Qf6 15.Qc2 g6 16.Re3 Be6 17.Rae1 Rfd8 18.g3 Rd4 19.h4 Kg7 20.Kg2 Rad8
21.Qc3 c5 22.Be4 Rxc4 23.Qxf6+ Kxf6 24.Bxb7 Rb4 25.Rf3+ Kg7 26.Bc6 Rxb2 
27.a4 c4 28.Re5 Rc8 29.Bd5 c3 30.Bxe6 fxe6 31.Rxe6 Rc7 32.Rfe3 Rbb7 33.Re1
c2 34.Rc1 Rb1 35.Ree1 1/2-1/2

[Event "XXV Festival A"]
[Site "Arco ITA"]
[Date "2003.10.23"]
[Round "6"]
[White "Traversi, Carlo"]
[Black "Castellano, Alfonso"]
[Result "1-0"]
[WhiteElo "1856"]
[BlackElo "1854"]
[PlyCount "44"]
[EventDate "2003.10.18"]

1.e4 c5 2.g3 Nc6 3.Bg2 Nf6 4.Nc3 d6 5.d3 g6 6.Nge2 Bg7 7.O-O O-O 8.h3 Bd7 
9.Be3 a6 10.Qd2 b5 11.d4 cxd4 12.Nxd4 Ne5 13.b3 Rc8 14.f4 Nc6 15.Rad1 Qc7 
16.Rf2 Nb4 17.Nd5 Nfxd5 18.exd5 Bxd4 19.Bxd4 Qxc2 20.Qe1 Nd3 21.Rxc2 Nxe1 
22.Rxc8 Nxg2 1-0

[Event "XXV Festival A"]
[Site "Arco ITA"]
[Date "2003.10.23"]
[Round "6"]
[White "Vezzosi, Paolo"]
[Black "Van Rijn, Wouter"]
[Result "1/2-1/2"]
[WhiteElo "2371"]
[BlackElo "2252"]
[PlyCount "112"]
[EventDate "2003.10.18"]

1.d4 h6 2.e4 e6 3.Be3 d5 4.e5 c5 5.c3 Nc6 6.Nf3 Qb6 7.Qd2 Bd7 8.dxc5 Bxc5 
9.Bxc5 Qxc5 10.Na3 Nge7 11.Bd3 O-O 12.O-O f6 13.exf6 Rxf6 14.Rae1 Raf8 15.
Nc2 Qd6 16.Qe3 Rxf3 17.gxf3 e5 18.Kh1 Nf5 19.Bxf5 Bxf5 20.Qd2 d4 21.Rg1 
Qd5 22.Rg3 Bxc2 23.Qxc2 Rxf3 24.c4 Qf7 25.Reg1 g5 26.Kg2 d3 27.Rxf3 dxc2 
28.Rxf7 Kxf7 29.Rc1 Nd4 30.f3 a5 31.Kf2 Ke6 32.Ke3 Kd6 33.h3 Kc5 34.Kd3 
Kb4 35.Rh1 h5 36.Rc1 a4 37.Rf1 Nxf3 38.Kxc2 e4 39.Kd1 Kxc4 40.Ke2 Kd4 41.
Rd1+ Ke5 42.Ke3 g4 43.hxg4 hxg4 44.Rd8 g3 45.Re8+ Kf5 46.Rg8 Ng5 47.b4 
axb3 48.axb3 Kg4 49.b4 b5 50.Rg6 Kh5 51.Rb6 Nh3 52.Rxb5+ Kg6 53.Ra5 g2 54.
Ra1 Kf5 55.b5 Ke5 56.b6 Kd6 1/2-1/2

[Event "XXV Festival A"]
[Site "Arco ITA"]
[Date "2003.10.23"]
[Round "6"]
[White "Vink, Wim"]
[Black "Allegranti, Luca"]
[Result "1-0"]
[WhiteElo "2142"]
[BlackElo "1988"]
[PlyCount "55"]
[EventDate "2003.10.18"]

1.d4 f5 2.g3 Nf6 3.Bg2 g6 4.c4 Bg7 5.Nc3 d6 6.Nf3 O-O 7.O-O Qe8 8.Nb5 Na6 
9.b3 c6 10.Nc3 Nc7 11.Qc2 h6 12.Bb2 g5 13.e3 f4 14.exf4 gxf4 15.Rae1 Qf7 
16.Bc1 Nh5 17.Qd2 Bg4 18.d5 c5 19.Ne2 e5 20.dxe6 Nxe6 21.Nc3 Kh8 22.Nb5 
Bxf3 23.Bxf3 Nd4 24.Nxd4 Bxd4 25.Bb2 fxg3 26.Bxd4+ cxd4 27.Qxd4+ Nf6 28.
fxg3 1-0

[Event "XXV Festival A"]
[Site "Arco ITA"]
[Date "2003.10.23"]
[Round "6"]
[White "Wagman, Stuart"]
[Black "Luciani, Carlo"]
[Result "0-1"]
[WhiteElo "2150"]
[BlackElo "2233"]
[PlyCount "106"]
[EventDate "2003.10.18"]

1.e4 e5 2.Nf3 Nc6 3.Nc3 Nf6 4.Bb5 Bb4 5.O-O O-O 6.d3 d6 7.Bg5 Bxc3 8.bxc3 
h6 9.Bh4 Bd7 10.Re1 Ne7 11.Bxd7 Nxd7 12.d4 g5 13.Bg3 f6 14.Nd2 Rf7 15.Nc4 
Nf8 16.Rb1 Qd7 17.Ne3 b6 18.Qh5 Rh7 19.Rbd1 Qe6 20.dxe5 fxe5 21.Nd5 Nxd5 
22.exd5 Qf7 23.Qe2 Ng6 24.f3 Qf5 25.Qe4 Rf7 26.Qxf5 Rxf5 27.Re4 Rf7 28.Rg4
Rg7 29.h4 Ne7 30.hxg5 Rxg5 31.Rxg5+ hxg5 32.c4 Rf8 33.Re1 Kg7 34.Re4 Kg6 
35.Bf2 Ng8 36.Re1 Nf6 37.Be3 a5 38.Bf2 Rh8 39.Bg3 Kf5 40.Re2 Nd7 41.Bf2 g4
42.fxg4+ Kxg4 43.Re3 Rh7 44.Rg3+ Kf5 45.Rf3+ Kg6 46.Rg3+ Kf7 47.Rf3+ Nf6 
48.Be3 Rg7 49.g3 Rg4 50.c5 bxc5 51.Bd2 Kg7 52.Bxa5 Nxd5 53.Rb3 Ra4 0-1

[Event "XXV Festival A"]
[Site "Arco ITA"]
[Date "2003.10.23"]
[Round "6"]
[White "Weinberg, Emanuele"]
[Black "Cardili, Mariano"]
[Result "1/2-1/2"]
[WhiteElo "1939"]
[BlackElo "1900"]
[PlyCount "96"]
[EventDate "2003.10.18"]

1.d4 d5 2.Nf3 Nf6 3.g3 e6 4.Bg2 c6 5.O-O Nbd7 6.b3 Be7 7.Bb2 O-O 8.c4 b6 
9.Nc3 Bb7 10.Nd2 c5 11.dxc5 bxc5 12.cxd5 exd5 13.Na4 Bc6 14.Nc3 Rc8 15.Re1
Ne5 16.Nxd5 Bxd5 17.Bxe5 Bxg2 18.Kxg2 Qd5+ 19.Nf3 Qe6 20.Qc2 c4 21.bxc4 
Rxc4 22.Qb3 Qa6 23.Rab1 Ng4 24.Bf4 Ra4 25.Qb7 Qxb7 26.Rxb7 Bf6 27.h3 Nh6 
28.a3 Rd8 29.Reb1 g5 30.Be3 Rxa3 31.Rxa7 Rxa7 32.Bxa7 Nf5 33.g4 Ng7 34.e4 
Re8 35.Rb8 Rxb8 36.Bxb8 Ne6 37.Kg3 Kg7 38.h4 gxh4+ 39.Nxh4 Bxh4+ 40.Kxh4 
Nc5 41.e5 Nd3 42.Kg3 Kg6 43.f4 h5 44.gxh5+ Kxh5 45.Ba7 Kg6 46.Kg4 f5+ 47.
Kf3 Kf7 48.Be3 Ke6 1/2-1/2

[Event "XXV Festival A"]
[Site "Arco ITA"]
[Date "2003.10.24"]
[Round "7"]
[White "Allegranti, Luca"]
[Black "Blasco, Domenico"]
[Result "1/2-1/2"]
[WhiteElo "1988"]
[BlackElo "2040"]
[PlyCount "162"]
[EventDate "2003.10.18"]

1.d4 Nf6 2.Nf3 c5 3.e3 e6 4.Bd3 Nc6 5.O-O Be7 6.b3 cxd4 7.exd4 O-O 8.Bb2 
b6 9.a3 Bb7 10.Nbd2 Qc7 11.Rc1 Qf4 12.c4 Rfd8 13.b4 d6 14.Qe2 Rac8 15.Rfe1
Bf8 16.Nb3 Ne7 17.Qe3 Qxe3 18.fxe3 Ne4 19.Nfd2 Nxd2 20.Nxd2 Rc7 21.Rc2 
Rdc8 22.e4 Ba6 23.Bf1 Ng6 24.Rec1 Be7 25.Nf3 Nf4 26.g3 Ng6 27.Kf2 Nf8 28.
e5 dxe5 29.dxe5 Nd7 30.h4 g6 31.Bd4 Bf8 32.g4 Bh6 33.g5 Bf8 34.Ke3 Be7 35.
Nd2 Bb7 36.Bd3 h6 37.Rg1 hxg5 38.hxg5 Bf8 39.Be4 Bg7 40.Bxb7 Rxb7 41.Ne4 
Rbc7 42.Nd6 Rd8 43.Ke4 Nb8 44.b5 Bf8 45.Rgc1 Nd7 46.Rd1 Nc5+ 47.Bxc5 Rxc5 
48.Rcd2 Bg7 49.Kf3 Rxe5 50.Ne4 Rxd2 51.Rxd2 Rf5+ 52.Ke3 Be5 53.Rd7 Bf4+ 
54.Kd3 Bxg5 55.Rxa7 Bc1 56.c5 bxc5 57.b6 Rf3+ 58.Kc2 Bf4 59.b7 c4 60.Ra8+ 
Kg7 61.b8=Q Bxb8 62.Rxb8 Rxa3 63.Rc8 f5 64.Nd6 c3 65.Nb5 Ra2+ 66.Kxc3 Kf6 
67.Rc6 Ra1 68.Kd2 Ra5 69.Nd4 Re5 70.Nf3 Re4 71.Kd3 g5 72.Nd2 Ra4 73.Ke3 g4
74.Rc8 f4+ 75.Ke2 Kf5 76.Rf8+ Ke5 77.Rg8 f3+ 78.Ke3 Ra3+ 79.Kf2 Ra2 80.Rd8
Kf4 81.Rf8+ Ke5 1/2-1/2

[Event "XXV Festival A"]
[Site "Arco ITA"]
[Date "2003.10.24"]
[Round "7"]
[White "Antoniacci, Riccardo"]
[Black "Borin, Fabio"]
[Result "1/2-1/2"]
[WhiteElo "2041"]
[BlackElo "2189"]
[PlyCount "119"]
[EventDate "2003.10.18"]

1.e4 Nf6 2.e5 Nd5 3.d4 d6 4.Bc4 Nb6 5.Bb3 dxe5 6.Qh5 e6 7.dxe5 a5 8.a4 Na6
9.Nf3 g6 10.Qh3 h6 11.Nc3 Bg7 12.Be3 Nd5 13.Rd1 Qe7 14.Nxd5 exd5 15.Qg3 c6
16.Bd4 O-O 17.O-O Re8 18.Rfe1 Nc5 19.Bxc5 Qxc5 20.Nd4 Qe7 21.f4 c5 22.Nb5 
c4 23.Ba2 Be6 24.Nd6 Red8 25.c3 Rxd6 26.exd6 Qxd6 27.Bb1 Qb6+ 28.Qf2 Qb3 
29.Qc2 Qb6+ 30.Kh1 Qc7 31.Qf2 Qd7 32.Rf1 f5 33.Bc2 Qc6 34.Rfe1 Bf6 35.Re2 
Bf7 36.Qf3 h5 37.h3 h4 38.Kh2 Kg7 39.g4 hxg3+ 40.Qxg3 Qd7 41.b3 Rc8 42.
bxc4 Rxc4 43.Re3 Qc7 44.Bxf5 Rxa4 45.Bxg6 Bxg6 46.Rg1 Qxf4 47.Qxf4 Rxf4 
48.Reg3 Rf2+ 49.Kh1 Be5 50.Rxg6+ Kf7 51.R1g4 Rh2+ 52.Kg1 Rxh3 53.Rb6 Rxc3 
54.Rxb7+ Ke6 55.Rg5 Rg3+ 56.Rxg3 Bxg3 57.Ra7 Be1 58.Kf1 Bc3 59.Ke2 Ke5 60.
Kd3 1/2-1/2

[Event "XXV Festival A"]
[Site "Arco ITA"]
[Date "2003.10.24"]
[Round "7"]
[White "Benaglia, Giovanni"]
[Black "Casagrande, Fabio"]
[Result "1/2-1/2"]
[WhiteElo "2062"]
[BlackElo "2042"]
[PlyCount "97"]
[EventDate "2003.10.18"]

1.d4 Nf6 2.Nf3 e6 3.e3 b6 4.Bd3 Bb7 5.Nbd2 d5 6.O-O Be7 7.Ne5 O-O 8.f4 c5 
9.c3 Ne4 10.Qf3 f5 11.g4 Nd7 12.g5 Nxe5 13.dxe5 Qd7 14.Qh5 Nxd2 15.Bxd2 d4
16.Be2 d3 17.Bf3 g6 18.Qh3 c4 19.Qg2 Bxf3 20.Qxf3 Rad8 21.Kg2 b5 22.h4 a5 
23.h5 Qd5 24.Rh1 Qxf3+ 25.Kxf3 Kg7 26.Rh3 Rh8 27.Rah1 b4 28.e4 bxc3 29.
exf5 gxf5 30.Bxc3 Bb4 31.Ke3 d2 32.Ke2 Rd5 33.Rd1 Rhd8 34.Rg3 R8d7 35.g6 
h6 36.b3 cxb3 37.axb3 Bxc3 38.Rxc3 Rd4 39.Rf3 Re4+ 40.Kf1 Rdd4 41.Rc3 
Rxf4+ 42.Ke2 Rfe4+ 43.Kf2 Rd7 44.Rc5 a4 45.bxa4 Rxa4 46.Rc6 Rf4+ 47.Kg3 
Re4 48.Rxe6 Re1 49.Rd6 1/2-1/2

[Event "XXV Festival A"]
[Site "Arco ITA"]
[Date "2003.10.24"]
[Round "7"]
[White "Bondielli, Giorgio"]
[Black "Wagman, Stuart"]
[Result "1/2-1/2"]
[WhiteElo "2019"]
[BlackElo "2150"]
[PlyCount "41"]
[EventDate "2003.10.18"]

1.e4 c5 2.d4 cxd4 3.c3 d5 4.exd5 Qxd5 5.cxd4 Nc6 6.Nf3 e6 7.a3 Nf6 8.Nc3 
Qd8 9.Bc4 Be7 10.O-O O-O 11.Be3 b6 12.Qe2 Bb7 13.Rfd1 Rc8 14.d5 exd5 15.
Nxd5 Nxd5 16.Bxd5 Qc7 17.Rac1 Bf6 18.b4 Qe7 19.Qa2 Ne5 20.Bxb7 Qxb7 21.
Nxe5 1/2-1/2

[Event "XXV Festival A"]
[Site "Arco ITA"]
[Date "2003.10.24"]
[Round "7"]
[White "Burg, Twan"]
[Black "Agostini, Guillermo"]
[Result "1/2-1/2"]
[WhiteElo "2050"]
[BlackElo "1822"]
[PlyCount "48"]
[EventDate "2003.10.18"]

1.e4 d6 2.d4 g6 3.c4 Bg7 4.Nf3 Nf6 5.Nc3 O-O 6.Be2 e5 7.O-O Nc6 8.d5 Ne7 
9.h3 Ne8 10.Nh2 f5 11.f4 h6 12.Bd3 Nf6 13.Qe2 Nh5 14.Qc2 exf4 15.Ne2 g5 
16.exf5 Bxf5 17.Nf3 c6 18.dxc6 bxc6 19.Nc3 Qd7 20.Re1 Rae8 21.Bd2 g4 22.
Bxf5 Nxf5 23.hxg4 Nd4 24.Qd3 Nxf3+ 1/2-1/2

[Event "XXV Festival A"]
[Site "Arco ITA"]
[Date "2003.10.24"]
[Round "7"]
[White "Cardili, Mariano"]
[Black "Traversi, Carlo"]
[Result "1-0"]
[WhiteElo "1900"]
[BlackElo "1856"]
[PlyCount "53"]
[EventDate "2003.10.18"]

1.d4 Nf6 2.c4 g6 3.Nc3 d5 4.cxd5 Nxd5 5.e4 Nxc3 6.bxc3 Bg7 7.Bc4 c5 8.Ne2 
cxd4 9.cxd4 O-O 10.O-O Nc6 11.Be3 Na5 12.Bd3 b6 13.Rc1 Bb7 14.d5 Rc8 15.
Qd2 e6 16.dxe6 fxe6 17.Rxc8 Bxc8 18.f4 Kh8 19.Ng3 Bd4 20.f5 Bxe3+ 21.Qxe3 
exf5 22.exf5 Re8 23.Be4 gxf5 24.Qc3+ Kg8 25.Nh5 Kf7 26.Qg7+ Ke6 27.Bxf5+ 
1-0

[Event "XXV Festival A"]
[Site "Arco ITA"]
[Date "2003.10.24"]
[Round "7"]
[White "Castellano, Alfonso"]
[Black "Weinberg, Emanuele"]
[Result "1/2-1/2"]
[WhiteElo "1854"]
[BlackElo "1939"]
[PlyCount "53"]
[EventDate "2003.10.18"]

1.c4 Nf6 2.g3 e5 3.Bg2 c6 4.Nf3 Qc7 5.O-O d5 6.cxd5 Nxd5 7.d4 Nd7 8.e4 
N5f6 9.Nc3 Bb4 10.Qc2 O-O 11.Bg5 exd4 12.Nxd4 h6 13.Bf4 Ne5 14.Nd5 Nxd5 
15.exd5 g5 16.Be3 c5 17.Nf5 Bxf5 18.Qxf5 Ng6 19.Rac1 c4 20.Bd4 Kh7 21.h4 
gxh4 22.gxh4 Qf4 23.Qxf4 Nxf4 24.Be4+ f5 25.Bf3 b5 26.Rc2 Rg8+ 27.Kh1 
1/2-1/2

[Event "XXV Festival A"]
[Site "Arco ITA"]
[Date "2003.10.24"]
[Round "7"]
[White "Crippa, Gabriele"]
[Black "Popa, Claudiu"]
[Result "0-1"]
[WhiteElo "2129"]
[BlackElo "2175"]
[PlyCount "60"]
[EventDate "2003.10.18"]

1.d4 d5 2.Nf3 Nf6 3.Bf4 Bf5 4.e3 e6 5.c4 Bxb1 6.Rxb1 Bb4+ 7.Ke2 Bd6 8.c5 
Bxf4 9.exf4 c6 10.b4 Ne4 11.Qc2 b5 12.Ke3 a5 13.a4 axb4 14.axb5 Ra3+ 15.
Rb3 Qa5 16.Bd3 cxb5 17.f5 O-O 18.fxe6 fxe6 19.Bxe4 dxe4 20.Kxe4 Nd7 21.
Rhb1 Nf6+ 22.Kd3 Nd5 23.Kd2 Nc3 24.R1b2 Ra1 25.Rxb4 Nd5 26.Qb3 Ra3 27.Qxa3
Qxa3 28.Rxb5 Qc3+ 29.Kd1 Qd3+ 30.Ke1 Nc3 0-1

[Event "XXV Festival A"]
[Site "Arco ITA"]
[Date "2003.10.24"]
[Round "7"]
[White "De Santis, Alessio"]
[Black "Cetkovic, Sergio"]
[Result "1-0"]
[WhiteElo "2272"]
[BlackElo "2106"]
[PlyCount "171"]
[EventDate "2003.10.18"]

1.d4 d5 2.c4 c6 3.Nc3 Nf6 4.e3 g6 5.Nf3 Bg7 6.Be2 O-O 7.O-O Bg4 8.Qb3 Qb6 
9.h3 Bxf3 10.Bxf3 Qxb3 11.axb3 e6 12.Rd1 Nbd7 13.g4 a6 14.g5 Ne8 15.Bg4 
Nb6 16.c5 Nc8 17.f3 h5 18.gxh6 Bxh6 19.f4 f5 20.Be2 Nc7 21.Kh2 Ne7 22.Rg1 
Kf7 23.Bd2 Nb5 24.Nd1 Bg7 25.Nf2 Bf6 26.Nd3 Rg8 27.Ne1 Rh8 28.Nf3 Rhg8 29.
Be1 Rh8 30.Bg3 Rag8 31.Ng5+ Bxg5 32.fxg5 Rc8 33.Bf4 Ra8 34.Kg3 Rac8 35.h4 
Rcd8 36.Rh1 Rh5 37.Rh2 Rdh8 38.Rah1 R8h7 39.Kf2 Ke8 40.Kf3 Kd7 41.Be5 Ke8 
42.Kf4 Kd7 43.Bf6 Nc8 44.Ke5 Nc7 45.Bxh5 Rxh5 46.Bg7 Ke7 47.Bf6+ Kd7 48.
Kf4 Nb5 49.Ra1 Nca7 50.Ra4 Nc7 51.Rb4 Nab5 52.Be5 Ne8 53.Rh3 Ke7 54.Bb8 
Ng7 55.Bd6+ Kf7 56.Be5 Ne8 57.Rh1 Ke7 58.Kg3 Kd7 59.Kh3 Kc8 60.Kg2 Kd7 61.
Kg3 Ke7 62.Ra1 Kd7 63.Ra5 Kc8 64.Rba4 Kd7 65.Ra1 Kc8 66.Rxb5 cxb5 67.c6 
bxc6 68.Rxa6 Kb7 69.Ra5 Rh7 70.b4 Rh5 71.Ra1 Rh7 72.Rh1 Rh5 73.Kf4 Kc8 74.
b3 Kb7 75.Rh2 Kc8 76.Kf3 Kb7 77.Bg3 Nc7 78.Kf4 Rh8 79.Ke5 Rf8 80.h5 f4 81.
Bxf4 Rf5+ 82.Kd6 gxh5 83.Rxh5 Rf7 84.g6 Rg7 85.Rh7 Rxg6 86.Rxc7+ 1-0

[Event "XXV Festival A"]
[Site "Arco ITA"]
[Date "2003.10.24"]
[Round "7"]
[White "Di Lazzaro, Gabriele"]
[Black "Tocco, Paolo"]
[Result "0-1"]
[WhiteElo "2013"]
[BlackElo "2156"]
[PlyCount "68"]
[EventDate "2003.10.18"]

1.e4 e5 2.d4 exd4 3.Qxd4 Nc6 4.Qe3 Nf6 5.Nc3 Bb4 6.Bd2 O-O 7.O-O-O d6 8.
Qg3 Bxc3 9.Bxc3 Qe7 10.f3 Rb8 11.Ne2 Ne5 12.Nf4 Be6 13.Kb1 Rfe8 14.h4 b5 
15.b3 b4 16.Bb2 a5 17.h5 a4 18.Be2 axb3 19.axb3 Ra8 20.Nxe6 Qxe6 21.f4 
Nxe4 22.Qe3 Ng4 23.Qd4 Nc3+ 24.Bxc3 bxc3 25.Bxg4 Qxg4 26.h6 Re6 27.Qxc3 
Rxh6 28.Qxc7 Rc8 29.Qb7 Qf5 30.Rhe1 Qxc2+ 31.Ka1 Rh5 32.b4 Qa4+ 33.Kb1 
Qb3+ 34.Ka1 Ra5+ 0-1

[Event "XXV Festival A"]
[Site "Arco ITA"]
[Date "2003.10.24"]
[Round "7"]
[White "Diotallevi, Maurizio"]
[Black "Femiano, Andrea"]
[Result "1-0"]
[WhiteElo "2096"]
[BlackElo "2146"]
[PlyCount "75"]
[EventDate "2003.10.18"]

1.d4 Nf6 2.Bg5 c5 3.Bxf6 gxf6 4.dxc5 e5 5.Nd2 Qa5 6.c3 Qxc5 7.e3 f5 8.Qh5 
d5 9.Ngf3 Nc6 10.Nb3 Qe7 11.Bb5 a6 12.Be2 Qf6 13.Rd1 Be6 14.Ng5 O-O-O 15.
f4 e4 16.O-O Rg8 17.Rf2 Rg6 18.Bf1 h6 19.Nh7 Qg7 20.Nxf8 Rxf8 21.Qe2 h5 
22.Nd4 Bd7 23.Nxc6 Bxc6 24.Qxh5 Qf6 25.Qe2 Rh8 26.g3 Qh4 27.Rg2 Qh7 28.Qc2
Kb8 29.Rdd2 Rc8 30.Qb3 Rd6 31.Bxa6 Qh6 32.Rd4 Kc7 33.Bf1 Qe6 34.Rgd2 Ra8 
35.c4 Ba4 36.Qa3 Qe8 37.cxd5 Rb6 38.Qc5+ 1-0

[Event "XXV Festival A"]
[Site "Arco ITA"]
[Date "2003.10.24"]
[Round "7"]
[White "Dittmar, Peter"]
[Black "Vezzosi, Paolo"]
[Result "1/2-1/2"]
[WhiteElo "2356"]
[BlackElo "2371"]
[PlyCount "34"]
[EventDate "2003.10.18"]

1.Nf3 d5 2.d4 Nf6 3.g3 c6 4.Bg2 Bf5 5.O-O e6 6.Nbd2 h6 7.c4 Nbd7 8.b3 Be7 
9.Bb2 O-O 10.Rc1 Qb8 11.e3 b5 12.cxd5 cxd5 13.Ne5 Qb7 14.Nxd7 Qxd7 15.Nf3 
Rac8 16.Ne5 Qb7 17.Qe2 Nd7 1/2-1/2

[Event "XXV Festival A"]
[Site "Arco ITA"]
[Date "2003.10.24"]
[Round "7"]
[White "Drasko, Milan"]
[Black "Ivanov, Mikhail M."]
[Result "1/2-1/2"]
[WhiteElo "2470"]
[BlackElo "2425"]
[PlyCount "34"]
[EventDate "2003.10.18"]

1.d4 Nf6 2.c4 g6 3.Nf3 Bg7 4.g3 d6 5.Bg2 c5 6.d5 b5 7.cxb5 a6 8.bxa6 O-O 
9.Nc3 Nxa6 10.O-O Bf5 11.Nd2 Nb4 12.Nc4 Bc2 13.Qd2 Bb3 14.Na3 Bxd5 15.Nxd5
Nfxd5 16.Nc4 e6 17.a3 Qb8 1/2-1/2